000 00506nam a2200169Ia 4500
008 240729s9999 xx 000 0 und d
022 _a1533-0338
245 0 _aTechnology in Cancer Research & Treatment
260 _aUnited States
260 _bSAGE Publishing
650 _a Internal medicine
650 _a Neoplasms. Tumors. Oncology. Including cancer and carcinogens
650 _aMedicine
856 _uhttps://doaj.org/toc/82851e32dd774cb78a9719151e5a8d6f
942 _2ddc
942 _cDOAJEJ
999 _c67818
_d67818
945 _a1
_bMadushi Gamage
_c1
_dMadushi Gamage